Riconosci la Squadra di calcio - Quiz n°16 - Statistics

Statistiche generali
  • Questo quiz è stato fatto 47 volte
  • Il punteggio medio è 7 su 10
Statistiche sulle risposte
Indizio Risposta % Corretto
Colori sociali Rosso, bianco
95%
Titoli nazionali 1 Campionato inglese di seconda divisione1 Third Division 1 Third Division South 3 Campionati inglesi di quarta divisione
92%
Divisione nazionale 2023-2024 Prima
82%
Simboli Ape
79%
Trofei nazionali 0
71%
Confederazione UEFA
68%
Trofei internazionali 0
66%
Capienza Stadio 17 250 posti
63%
Fondazione 1889
58%
Squadra Brentford
55%
Nessun quiz corrispondente trovato
Distribuzione punteggi
Percentuale di utenti per punteggio
Percentile per numero di risposta
I tuoi punteggi nel tempo
Non hai fatto questo quiz